Welcome to CU Library Online Public Access Catalogue (OPAC)

The Bible : (Record no. 270)

MARC details
000 -LEADER
fixed length control field 00975pam a2200265 a 4500
001 - CONTROL NUMBER
control field 690990
003 - CONTROL NUMBER IDENTIFIER
control field OSt
005 - DATE AND TIME OF LATEST TRANSACTION
control field 20241028112231.0
008 - FIXED-LENGTH DATA ELEMENTS--GENERAL INFORMATION
fixed length control field 960620s1997 enkab b 000 0 eng
020 ## - INTERNATIONAL STANDARD BOOK NUMBER
International Standard Book Number 9780192830999
040 ## -
-- Central University
050 00 - LIBRARY OF CONGRESS CALL NUMBER
Classification number BS185 1997
Item number .O94 1997
082 00 - DEWEY DECIMAL CLASSIFICATION NUMBER
Classification number 220.5/2043
Edition information 20
110 ## - MAIN ENTRY--CORPORATE NAME
Corporate name or jurisdiction name as entry element King James Version
245 14 - TITLE STATEMENT
Title The Bible :
Remainder of title World's of Classic; Authorized King James Version /
Statement of responsibility, etc. edited with an introduction and notes by Robert Carroll and Stephen Prickett.
250 ## - EDITION STATEMENT
Edition statement Authorized King James Version with Apocrypha.
260 ## - PUBLICATION, DISTRIBUTION, ETC.
Place of publication, distribution, etc. Oxford ;
-- New York :
Name of publisher, distributor, etc. Oxford University Press,
Date of publication, distribution, etc. 1997.
300 ## - PHYSICAL DESCRIPTION
Extent lxxiv, 1039, 248, 445 p. :
Other physical details ill., maps ;
Dimensions 20 cm.
440 #4 - SERIES STATEMENT/ADDED ENTRY--TITLE
Title The world's classics
650 ## - SUBJECT ADDED ENTRY--TOPICAL TERM
Source of heading or term The Bible
Form subdivision King James Version
700 1# - ADDED ENTRY--PERSONAL NAME
Personal name Carroll, Robert P.
700 1# - ADDED ENTRY--PERSONAL NAME
Personal name Prickett, Stephen.
856 42 - ELECTRONIC LOCATION AND ACCESS
Materials specified Publisher description
Uniform Resource Identifier <a href="http://www.loc.gov/catdir/enhancements/fy0639/96028858-d.html">http://www.loc.gov/catdir/enhancements/fy0639/96028858-d.html</a>
942 ## - ADDED ENTRY ELEMENTS (KOHA)
Source of classification or shelving scheme Library of Congress Classification
Koha item type Books
Suppress in OPAC No
999 ## -
-- 270
-- 270
Holdings
Withdrawn status Lost status Source of classification or shelving scheme Damaged status Not for loan Home library Current library Date acquired Total checkouts Full call number Barcode Date last seen Price effective from Koha item type
    Library of Congress Classification     Law Library Annex (Miotso) Law Library Annex (Miotso) 10/28/2024   BS185 1997.O94 1997 LLM00000099 10/28/2024 10/28/2024 Books
© 2023-2024 Copyright: Central University Libraries. All Rights Reserved | Created by: Mahone Tech Office